| 000 | 00423nam a22001577a 4500 | ||
|---|---|---|---|
| 999 |
_c7960 _d7961 |
||
| 008 | 190520b ||||| |||| 00| 0 eng d | ||
| 020 | _a9788177587654 | ||
| 082 | _a006.6 H43c 1997 | ||
| 100 | _aHearn, Donald | ||
| 245 |
_aComputer graphics ; _bC version |
||
| 250 | _a2nd ed. | ||
| 260 |
_aSouth Asia ; _bDorling Kindersley Publishing, _c1997. |
||
| 300 |
_a660 p. _c26 cm. |
||
| 700 | _a M. Pauline Baker | ||
| 942 | _2ddc | ||